Stavební trh, informace a konkurence.
Za posledné dva roky sa počet stavebných firiem v ČSFR zvýšil viac ako desaťkrát. Existujú aj regióny, kde je nedostatok stavebných profesií. Problémom stavebného trhu je len to, že doteraz dostatočne nefungujú informačné toky, ktoré by mohli spojiť zákazníka-odberateľa s tým, kto svoju prácu ponúka...
Na minha lista:
| Autor principal: | |
|---|---|
| Formato: | Capítulo de Livro |
| Idioma: | tcheco |
| Assuntos: | |
| Tags: |
Sem tags, seja o primeiro a adicionar uma tag!
|
MARC
| LEADER | 00000naa a2200000 4500 | ||
|---|---|---|---|
| 001 | r008227 | ||
| 005 | 20220831084144.4 | ||
| 041 | 0 | |a cze | |
| 044 | |a [CS] | ||
| 245 | 1 | 0 | |a Stavební trh, informace a konkurence. |c Libuše Bautzová |
| 520 | |a Za posledné dva roky sa počet stavebných firiem v ČSFR zvýšil viac ako desaťkrát. Existujú aj regióny, kde je nedostatok stavebných profesií. Problémom stavebného trhu je len to, že doteraz dostatočne nefungujú informačné toky, ktoré by mohli spojiť zákazníka-odberateľa s tým, kto svoju prácu ponúka. Charakteristika novej spoločnosti - a to Informačného servisu stavebného trhu (IS) spol. s r. o. - cieľom ktorej je pomoc pri nachádzaní cesty stavebných kapacít k investorovi a naopak. | ||
| 610 | 2 | 0 | |a stavebníctvo |
| 610 | 2 | 0 | |a trh |
| 610 | 2 | 0 | |a podnik stavebný |
| 610 | 2 | 0 | |a ČSFR |
| 610 | 2 | 0 | |a tok informácií |
| 610 | 2 | 0 | |a konkurencia |
| 610 | 2 | 0 | |a podnikatelia |
| 100 | 1 | |a Bautzová, Libuše | |